Statistics for Name the flags #5

Click here to take the quiz!

General Stats

  • This quiz has been taken 11 times
  • The average score is 11 of 15

Answer Stats

Answer% Correct
Albania
100%
Austria
100%
Italy
100%
Spain
100%
Georgia
90%
North Korea
80%
Panama
80%
Ukraine
80%
Tanzania
70%
Ethiopia
60%
Armenia
50%
Gambia
50%
Laos
50%
Niger
50%
Yemen
50%

Score Distribution

Percentile by Number Answered

Percent of People with Each Score

Your Score History

You have not taken this quiz